| 000 | 00835nam a2200229 i 4500 | ||
|---|---|---|---|
| 003 | DO-SdBNP | ||
| 005 | 20230425155043.0 | ||
| 006 | a||||gr|||| 00| 0 | ||
| 007 | ta | ||
| 008 | 230425e1977 dr ao||gr|||| 00| 0 spa d | ||
| 040 |
_aDO-SdBNP _bspa _cBNPHU _erda |
||
| 082 | 4 |
_222 _bP933b |
|
| 245 | 0 | 0 |
_aEl presidente Balaguer en Washington. / _cCoordinación, Aliro Paulino Hijo, Rafael Bello Andino, R. A. Font Bernard |
| 264 | 3 | 1 |
_aSanto Domingo : _bMundo Diplomático Internacional, _c1977 |
| 300 |
_a116 páginas : _bIlustraciones, fotografías , _c28 cm |
||
| 590 | _aInventariado 2023 / MF | ||
| 700 | 1 |
_aPaulino, Alirio, Hijo, _ecoordinador _983300 |
|
| 700 | 1 |
_978311 _a Bello Andino, Rafael, _ecoordinador |
|
| 700 | 1 |
_917078 _aFont Bernard, R. A _ecoordiandor |
|
| 710 | 2 |
_aApeco y usis, _efotografía _983301 |
|
| 942 |
_2ddc _cLBS1 |
||
| 999 |
_c53351 _d53351 |
||